LIBRARY & INFORMATION CENTRE, KCAET, TAVANUR

ONLINE PUBLIC ACCESS CATALOGUE (OPAC)

Electricity and magnetism for higher school certificate and intermediate students / (Record no. 1751)

MARC details
000 -LEADER
fixed length control field 00500cam a2200181ua 4500
041 ## - LANGUAGE CODE
Language code of text/sound track or separate title eng
082 ## - DEWEY DECIMAL CLASSIFICATION NUMBER
Classification number 537
Item number STA/EL
100 ## - MAIN ENTRY--AUTHOR NAME
Personal name Starling, S.G .
245 ## - TITLE STATEMENT
Title Electricity and magnetism for higher school certificate and intermediate students /
250 ## - EDITION STATEMENT
Edition statement 2 /
260 ## - PUBLICATION, DISTRIBUTION, ETC. (IMPRINT)
Place of publication London :
Name of publisher Longaman Green and Co ,
Year of publication 1949.
300 ## - PHYSICAL DESCRIPTION
Number of Pages 366 :
Other physical details ` ; .
942 ## - ADDED ENTRY ELEMENTS (KOHA)
Koha item type Books
Holdings
Withdrawn status Lost status Damaged status Home library Current library Date acquired Full call number Accession Number Koha item type
      KAUAET KAUAET 07/04/2012 537 3887 Books
free website counter